000 00340nam a2200157Ia 4500
100 _aUmarani/G.G./ Joshi/P.R
650 _aPhysics
942 _cBK
654 _aPhysics
245 _aText book of Applied physics
260 _bNirali prakashan
_aPune
_c1984
082 _a530
_bUMA
300 _a270
546 _aENGLISH
999 _c19096
_d19096